| 000 | 00538nam a2200145Ia 4500 | ||
|---|---|---|---|
| 008 | 211220s9999 xx 000 0 eng d | ||
| 041 | _aEnglish | ||
| 082 | _aRR.0308 | ||
| 100 |
_aRaman, Rakesh _uBanaras Hindu University _vVaranasi |
||
| 245 | 0 |
_aMeasuring access to primary education : _ba comparative study of select district of Kerala and Uttar Pradesh / _cRakesh Raman |
|
| 260 |
_aNew Delhi : _bIndian Council oF Social Science Research, _c2017 |
||
| 300 | _aV.P. | ||
| 536 | _aIndian Council of Social Science Research | ||
| 942 | _cRP | ||
| 999 |
_c27174 _d27174 |
||